Online katalóg knižníc regiónu Turca

A čo bolo ďalej? (Record no. 21554)

MARC details
000 -LEADER
fixed length control field 01572cam a2200433 a 4500
001 - CONTROL NUMBER
control field 21554
003 - CONTROL NUMBER IDENTIFIER
control field VRT
005 - DATE AND TIME OF LATEST TRANSACTION
control field 20260305083033.0
008 - FIXED-LENGTH DATA ELEMENTS--GENERAL INFORMATION
fixed length control field 240226s2002 xo a br 000 j slo
015 ## - NATIONAL BIBLIOGRAPHY NUMBER
National bibliography number SNBA2002/12-04100
020 ## - INTERNATIONAL STANDARD BOOK NUMBER
International Standard Book Number 8006011133
035 ## - SYSTEM CONTROL NUMBER
System control number SNK000397444
035 ## - SYSTEM CONTROL NUMBER
System control number urn:nbn:sk:snk-am3it86
035 ## - SYSTEM CONTROL NUMBER
System control number 1A397C77-9B76-4966-9643-6C55FB992143
035 ## - SYSTEM CONTROL NUMBER
System control number urn:nbn:sk:snk-am00fh1h
039 #9 - LEVEL OF BIBLIOGRAPHIC CONTROL AND CODING DETAIL [OBSOLETE]
Level of rules in bibliographic description 202402262132
Level of effort used to assign nonsubject heading access points VLOAD
Level of effort used to assign subject headings 202203280847
Level of effort used to assign classification AUTHORITY
Level of effort used to assign subject headings 202109061609
Level of effort used to assign classification VLOAD
Level of effort used to assign subject headings 202108271613
Level of effort used to assign classification VLOAD
040 ## - CATALOGING SOURCE
Original cataloging agency SNK
Language of cataloging slo
Transcribing agency SNK
Description conventions AACR2
041 1# - LANGUAGE CODE
Language code of text/sound track or separate title slo
Language code of original cze
044 ## - COUNTRY OF PUBLISHING/PRODUCING ENTITY CODE
MARC country code xo
ISO country code SK
080 ## - UNIVERSAL DECIMAL CLASSIFICATION NUMBER
Universal Decimal Classification number 885.0-3(087.5)
Edition identifier 1981
100 1# - MAIN ENTRY--PERSONAL NAME
Personal name Březinová, Ivona,
Dates associated with a name 1964-
Relationship aut
240 10 - UNIFORM TITLE
Uniform title Jak to bylo dál ...?
Language of a work Slovensky
245 10 - TITLE STATEMENT
Title A čo bolo ďalej?
Remainder of title pokračovanie siedmich najkrajších rozprávok
Statement of responsibility, etc. Ivona Březinová ; [z českého originálu přeložila Mária Smoláriková ; ilustroval Jozef Cesnak]
260 ## - PUBLICATION, DISTRIBUTION, ETC.
Place of publication, distribution, etc. Bratislava
Name of publisher, distributor, etc. Mladé letá
Date of publication, distribution, etc. 2002
300 ## - PHYSICAL DESCRIPTION
Extent 81 s.
Other physical details fareb. ilustr.
Dimensions 21 cm
490 1# - SERIES STATEMENT
Series statement Prvé čítanie
655 #7 - INDEX TERM--GENRE/FORM
Genre/form data or focus term české rozprávky
Source of term SNKPH
655 #7 - INDEX TERM--GENRE/FORM
Genre/form data or focus term autorské rozprávky
Source of term SNKPH
655 #7 - INDEX TERM--GENRE/FORM
Genre/form data or focus term literatúra pre deti
Source of term SNKPH
700 1# - ADDED ENTRY--PERSONAL NAME
Personal name Cesnak, Jozef,
Dates associated with a name 1936-2021
Relationship ill
700 1# - ADDED ENTRY--PERSONAL NAME
Personal name Smoláriková, Mária,
Dates associated with a name 1951-
Relationship trl
830 #0 - SERIES ADDED ENTRY--UNIFORM TITLE
Uniform title Prvé čítanie
910 ## - USER-OPTION DATA (OCLC)
User-option data snk
942 ## - ADDED ENTRY ELEMENTS (KOHA)
Source of classification or shelving scheme Dewey Decimal Classification
Koha item type Krásna literatúra pre deti
Suppress in OPAC No
949 ## - LOCAL PROCESSING INFORMATION (OCLC)
6 2889367558
a savukPV 4875
949 ## - LOCAL PROCESSING INFORMATION (OCLC)
6 17A0359734
a snkSC 109566
b snkKSP 12528/2002
s 6100:20201125
949 ## - LOCAL PROCESSING INFORMATION (OCLC)
6 17A0359735
a snkSC 109566 D1
b snkKSP 12529/2002
949 ## - LOCAL PROCESSING INFORMATION (OCLC)
6 273K0122803
a svkpoA 181908
b svkpo453792
Holdings
Stav vyradenia Strata Poškodenie Spôsob nadobudnutia Domovská knižnica Aktuálna knižnica Dátum nadobudnutia Total checkouts Čiarový kód exemplára Date last seen Typ exemplára
      Dar Obecná knižnica Turčianska Štiavnička Obecná knižnica Turčianska Štiavnička 05.03.2026   4738000233 05.03.2026 Krásna literatúra pre deti
Projekt je podporený Slovenskou asociáciou knižníc
Prevádzkuje Turčianska knižnica Martin 2026